Statistiken für Top 10 der betroffenen Covid-19-Länder - 16. April

Klicken Sie hier um das Quiz zu spielen!

Allgemein

  • Dieses Quiz wurde 51 mal gespielt
  • Das Durchschnittsergebnis liegt bei 10 aus 14

Antwortstatistiken

Rate pro
Million
Land% Korrekt
China
100%
..Deutschland
98%
1687Vereinigte Staaten
98%
2586Italien
91%
2031Frankreich
87%
3568Spanien
87%
Vereinigtes Königreich
78%
2937Schweiz
60%
2558Belgien
56%
Iran
51%
..Niederlande
47%
1627Portugal
40%
Türkei
36%
1955Irland
24%

Verteilung der Resultate

Perzentil nach korrekt beantworteten Fragen

Anzahl Personen mit jedem Resultat

Ihre Resultats-Entwicklung

Sie haben dieses Quiz noch nicht gespielt